000 00443nam a2200181Ia 4500
001 16019
005 20260306170238.0
008 260306t2014||||xx |||||||||||||| ||und||
041 _aESP
082 _a346.52
_bP25A
100 _aPapayannis, Diego M.
_eAUT
245 0 _aCausalidad y atribución de responsabilidad
260 _c2014
300 _a346 pƔginas :
_c23 cm.
650 _aGEN
654 _aCDE
942 _cLIB
_dJUS
_fJUS
_2ddc
_n
999 _c16019
_d16019